01279nam a22002657a 4500003000400000005001700004008004100021040001100062082001400073100002900087245001400116260012900130300002300259490002700282505018800309505015800497505005000655505004900705505004900754505002200803650004500825650004400870650005500914650004400969OSt20230516102741.0230516b |||||||| |||| 00| 0 eng d cLado V 2708aK82f aKontova, Helenaeeditora aFlashArt/ aAustraliaaAustriaaBelgicaaCanadaaFranciaaAlemaniaaGran BretañaaHolandaaItaliaaEspañaaIrlandabGEA POLITIc2000 a128p.c20.5x27.5cm a213vXXXIIIx0394-1493 aFlash Art NewstBerlin Venice At the Galleries Milan Warsaw Reykjavik Aperto: New York Letters to the Editor Cityscape: Madrid The Beach Theory on TV Group Shows Videoclip aFeaturestSame same but another Eija-Liisa Ahtila Julian Lavrerdiere Daniel Richter Unknown Beauties The Love Mechanics Heri Dono Kwangju Biennial aGlobal ArtrFischerspooner Tim Macmillan  aOuverturesrSuchan Kinoshita Les Schliesser aSpotlightstOver the Edges Gregory Crewdson aFlash Art Reviews 2Tesauro de Arte & ArquitecturaaCATALOGO 2Tesauro de Arte & ArquitecturaaREVISTA 2Tesauro de Arte & ArquitecturaaARTE INTERNACIONAL 2Tesauro de Arte & ArquitecturaaCRITICA